Sborník semináře Oděv v historii ...

Nový název: Shoes and Clothing in History ...
Korporativní autor: Muzeum jihovýchodní Moravy (Zlín, Česko)
Další autoři: Oděv v historii (seminář)
Jazyk: Slovenština
Čeština
Vydáno: Holešov : Tigris, [1994-2023]
[Litomyšl] : H.R.G. spol. s r.o.
Témata:
Fyzický popis: 9 svazků : ilustrace ; 21 cm
Odebírané svazky: 2017-
Language note: Částečně slovenský text
Noviny a časopisy
Uloženo v:
LEADER 02971nas a2200685 i 4500
001 nkc20182980211
003 CZ PrNK
005 20250122135000.0
007 ta
008 180214d19942023xr zx m 1 b0cze
015 |a cnb002980211  |z cnb002972064 
035 |a (OCoLC)1031052664 
040 |a ABA001  |b cze  |d BOA001  |e rda 
041 0 |a cze  |a slo 
043 |a e------ 
045 |a n-x- 
072 7 |a 646  |x Odívání. Péče o tělo  |2 Konspekt  |9 19 
080 |a 646.4/.5  |2 MRF 
080 |a 646.4/.5(091)  |2 MRF 
080 |a (4)  |2 MRF 
080 |a (062.534)  |2 MRF 
111 2 |a Oděv v historii (seminář)  |7 ko2018982149  |4 aut 
245 1 0 |a Sborník semináře Oděv v historii ... 
246 3 |a Seminář Oděv v historii ... 
246 3 0 |a Oděv v historii ... 
264 1 |a Holešov :  |b Tigris,  |c [1994-2023] 
264 3 1 |3 2018-[2023]  |a [Litomyšl] :  |b H.R.G. spol. s r.o. 
300 |a 9 svazků :  |b ilustrace ;  |c 21 cm 
310 |a Vychází nepravidelně 
336 |a text  |b txt  |2 rdacontent 
337 |a bez média  |b n  |2 rdamedia 
338 |a svazek  |b nc  |2 rdacarrier 
362 0 |a 1994-2023 
500 |a Součástí názvu je označení běžného roku 
500 |a Na obálce pod názvem uvedeno slovně také pořadí ročníku: díl ... 
500 |a Vydáno vlastním nákladem u příležitosti konání semináře Oděv v historii v Muzeu Jihovýchodní Moravy ve Zlíně 
500 |a Ročník 2019 obsahuje jako přílohu errata (1 volný list) 
500 |a Jednotlivé svazky mají ISBN 
541 |c pv-r 
546 |a Částečně slovenský text 
648 7 |a 10.-20. století  |7 ch757131  |2 czenas 
650 0 7 |a odívání  |7 ph115567  |z Evropa  |y 10.-20. století  |2 czenas 
650 0 7 |a dějiny odívání  |7 ph524154  |y 10.-20. století  |2 czenas 
650 0 9 |a clothing  |z Europe  |y 10th-20th centuries  |2 eczenas 
650 0 9 |a history of clothing  |y 10th-20th centuries  |2 eczenas 
655 7 |a sborníky konferencí  |7 fd133333  |2 czenas 
655 9 |a proceedings of conferences  |2 eczenas 
710 2 |a Muzeum jihovýchodní Moravy (Zlín, Česko)  |7 ola2002140324  |4 orm 
785 0 4 |t Shoes and Clothing in History ... 
902 |a 978-80-7490-176-8  |q (2017 ;  |q brožováno) 
902 |a 978-80-907397-0-3  |q (2018 ;  |q brožováno) 
902 |a 978-80-88320-18-0  |q (2019 ;  |q brožováno) 
902 |a 978-80-88320-65-4  |q (2020 ;  |q brožováno) 
910 2 |a BOA001  |o 2018  |b 2-1402.993  |s 2017- 
990 |a SE 
995 |a 01 
996 6 |b 2610734273  |c 2-1402.993  |d 2017  |y 2017  |l MZK  |r Sklad / do 1 hodiny  |n 1  |p p.v.  |w 001650556  |u 000010  |a 1  |e BOA001  |j MZK50  |s P 
996 6 |b 2610766166  |c 2-1402.993  |d 2018  |v 2018  |y 2018  |l MZK  |r Sklad / do 1 hodiny  |n 1  |p p.v.  |w 001650556  |u 000020  |a 1  |e BOA001  |j MZK50  |s P 
996 6 |b 2610807643  |c 2-1402.993  |d 2019  |v 2019  |y 2019  |l MZK  |r Sklad / do 1 hodiny  |n 1  |p p.v.  |w 001650556  |u 000030  |a 1  |e BOA001  |j MZK50  |s P 
996 6 |b 2610855673  |c 2-1402.993  |d 2020  |v 2020  |y 2020  |l MZK  |r Sklad / do 1 hodiny  |n 3  |p p.v.  |w 001650556  |u 000040  |a 1  |e BOA001  |j MZK50  |s P